| Поле | Название | Значение |
| |
Тип записи |
a |
| |
Библиографический уровень |
m |
| 001 |
Контрольный номер |
RU/SLIB/B/208708668 |
| 005 |
Дата корректировки |
20201206203900.8 |
| 010 |
Индекс ISBN |
__ |
| d |
Цена |
1-00 |
| 101 |
Язык документа |
__ |
| a |
Язык текста |
rus |
| 200 |
Заглавие и сведения об ответственности |
1_ |
| a |
Заглавие |
Мастера миниатюрной графики |
| e |
Сведения, относящиеся к заглавию |
выст. современ. совет. экслибриса: каталог |
| f |
Первые сведения об ответственности |
Центр. правл. всесоюзн. о-ва любителей кн., М-во культуры РСФСР, Совет по книжн. графике и экслибриса ЦП ВОК ; сост.: А. И. Калашников, А. Я. Чернихов |
| b |
Общее обозначение материала |
Текст |
| 210 |
Выходные данные |
__ |
| a |
Место издания |
М. |
| c |
Издательство |
[б. и.] |
| d |
Дата издания |
1988 |
| 215 |
Физическое описание |
__ |
| a |
Объем |
< 49 с. |
| c |
Иллюстрации/тип воспроизводства |
ил |
| 300 |
Общие примечания |
__ |
| a |
Общие примечания |
Ред. кн. |
| 606 |
Тематические рубрики |
__ |
| a |
Основная рубрика |
Изобразительное искусство и архитектура |
| y |
Географическая подрубрика |
Россия |
| 606 |
Тематические рубрики |
__ |
| a |
Основная рубрика |
Виды и жанры графики |
| 606 |
Тематические рубрики |
__ |
| a |
Основная рубрика |
Книжное дело |
| 606 |
Тематические рубрики |
__ |
| a |
Основная рубрика |
Коллекционирование произведений печати |
| 610 |
Ключевые слова |
__ |
| a |
Ключевые слова |
экслибрисы; книжные знаки; иллистрации; библиофилия; выставки |
| 686 |
Индексы других классификаций |
__ |
| 2 |
Код системы |
rubbks |
| a |
Классификационный индекс |
85.158.7л61 |
| 686 |
Индексы других классификаций |
__ |
| a |
Классификационный индекс |
76.19л6 |
| 702 |
Вторичная интеллектуальная ответственность |
__ |
| a |
Фамилия |
Калашников |
| b |
Имя |
А. И. |
| 4 |
Код отношения |
Составитель |
| 702 |
Вторичная интеллектуальная ответственность |
_1 |
| a |
Фамилия |
Чернихов |
| b |
Имя |
А. Я. |
| 4 |
Код отношения |
Составитель |
| 801 |
Источник записи |
_0 |
| a |
Страна |
RU |
| b |
Организация |
Муниципальное бюджетное учреждение культуры "Централизованная библиотечная система" г. Сургут (Центральная городская библиотека им. А. С. Пушкина) |
| g |
Правила каталогизации |
ОБ/Показаньева |
| 801 |
Источник записи |
_1 |
| a |
Страна |
RU |
| b |
Организация |
Муниципальное бюджетное учреждение культуры "Централизованная библиотечная система" г. Сургут (Центральная городская библиотека им. А. С. Пушкина) |
| g |
Правила каталогизации |
ОБ/Показаньева |
| 852 |
Данные о местонахождении |
__ |
| j |
Шифр хранения |
85.158.7л61 |
| c |
Каталожный индекс |
85.153(2)6л6, 76.19л6 |
| i |
Авторский знак |
М 32 |
| p |
Инвентарный номер |
Б/Н |
| 901 |
Тип документа |
__ |
| t |
Тип документа |
m |
| 903 |
Характеристики (МАРС) |
__ |
| a |
Дата передачи |
19980831 |
| 969 |
Тип издания |
__ |
| a |
Тип издания |
каталог |
| 990 |
Данные о заказе (DOS) |
00 |
| j |
Количество экземпляров (DOS) |
1 |